<?xml version="1.0" encoding="UTF-8"?>
<record
    xmlns:xsi="http://www.w3.org/2001/XMLSchema-instance"
    xsi:schemaLocation="http://www.loc.gov/MARC21/slim http://www.loc.gov/standards/marcxml/schema/MARC21slim.xsd"
    xmlns="http://www.loc.gov/MARC21/slim">

  <leader>01189nam a2200145   4500</leader>
  <controlfield tag="008">708 SI565p</controlfield>
  <datafield tag="020" ind1=" " ind2=" ">
    <subfield code="a">8480263083</subfield>
  </datafield>
  <datafield tag="082" ind1=" " ind2=" ">
    <subfield code="a">708</subfield>
    <subfield code="b">SI565p</subfield>
  </datafield>
  <datafield tag="100" ind1=" " ind2=" ">
    <subfield code="a">Sichel, Berta (comisaria) </subfield>
    <subfield code="9">6996</subfield>
  </datafield>
  <datafield tag="245" ind1=" " ind2=" ">
    <subfield code="a">Primera generaci&#xF3;n</subfield>
    <subfield code="b">Arte e imagen en movimiento (1963 - 1986)</subfield>
  </datafield>
  <datafield tag="260" ind1=" " ind2=" ">
    <subfield code="a">Madrid </subfield>
    <subfield code="b">Museo Nacional Centro de Arte Reina Sof&#xED;a </subfield>
    <subfield code="c">2006</subfield>
  </datafield>
  <datafield tag="300" ind1=" " ind2=" ">
    <subfield code="a">422 p. </subfield>
    <subfield code="b">il (col) </subfield>
    <subfield code="c">25,5 x 19,5 cm </subfield>
  </datafield>
  <datafield tag="505" ind1=" " ind2=" ">
    <subfield code="t">Artistas y obras en exposici&#xF3;n </subfield>
    <subfield code="t">Primera generaci&#xF3;n de arte. Arte e imagen en movimiento, 1963-1986 </subfield>
    <subfield code="r">Berta Sichel </subfield>
    <subfield code="t">Videoarte: la est&#xE9;tica del narcisismo </subfield>
    <subfield code="r">Rosalind Krauss </subfield>
    <subfield code="t">Las instalaciones del videoarte: el entorno televisivo </subfield>
    <subfield code="r">Peter Frank </subfield>
    <subfield code="t">El v&#xED;deo, los mitos y el museo</subfield>
    <subfield code="r">Harald Szeemann </subfield>
    <subfield code="t">&#xA1;Tiempo! &#xA1;Tiempo! &#xA1;Tiempo! El contexto de la inmediatez </subfield>
    <subfield code="r">Douglas Davis </subfield>
    <subfield code="t">V&#xED;deo: dejar atr&#xE1;s el momento ut&#xF3;pico </subfield>
    <subfield code="r">Martha Rosler </subfield>
    <subfield code="t">La v&#xED;a europea al v&#xED;deo: una recapitulaci&#xF3;n </subfield>
    <subfield code="r">Eugeni Bonet </subfield>
    <subfield code="t">El videoarte en Brasil y otras experiencias latinoamericanas: 1970-1980 </subfield>
    <subfield code="r">Christine Mello</subfield>
    <subfield code="t">Sinopsis de obras monocanal </subfield>
    <subfield code="t">Cronolog&#xED;a </subfield>
    <subfield code="t">Fichas t&#xE9;cnicas y catalogr&#xE1;ficas </subfield>
    <subfield code="t">Biograf&#xED;as </subfield>
  </datafield>
  <datafield tag="650" ind1=" " ind2=" ">
    <subfield code="x">arte contempor&#xE1;neo</subfield>
    <subfield code="x">arte - exhibiciones </subfield>
    <subfield code="x">arte - video </subfield>
    <subfield code="x">arte - instalaciones </subfield>
    <subfield code="9">6997</subfield>
  </datafield>
  <datafield tag="999" ind1=" " ind2=" ">
    <subfield code="c">1765</subfield>
    <subfield code="d">1765</subfield>
  </datafield>
  <datafield tag="952" ind1=" " ind2=" ">
    <subfield code="0">0</subfield>
    <subfield code="1">0</subfield>
    <subfield code="2">ddc</subfield>
    <subfield code="4">0</subfield>
    <subfield code="7">0</subfield>
    <subfield code="a">LV</subfield>
    <subfield code="b">LV</subfield>
    <subfield code="c">Monograf&#xED;as</subfield>
    <subfield code="d">2019-03-30</subfield>
    <subfield code="l">0</subfield>
    <subfield code="o">708 SI565p</subfield>
    <subfield code="p">001692</subfield>
    <subfield code="r">2019-03-30 00:00:00</subfield>
    <subfield code="w">2019-03-30</subfield>
    <subfield code="y">01</subfield>
  </datafield>
</record>
